Estatísticas para Países Com As Pessoas Mais Altas

Clique aqui para jogar o quiz

Estatísticas Gerais

  • Esse quiz foi jogado 119 vezes
  • A pontuação média é 30 de 50

Estatísticas das Respostas

Altura (cm)País% Correto
176.94Rússia
94%
176.65Estados Unidos
93%
180.22Alemanha
90%
178.71Canadá
89%
180.46Suécia
87%
178.41França
84%
180.69Noruega
84%
179.09Bélgica
81%
178.73Suíça
81%
178.75Austrália
80%
178.21Reino Unido
80%
180.48Finlândia
79%
183.78Países Baixos
79%
182.10Islândia
76%
182.79Estônia
74%
179.26Grécia
74%
180.72Ucrânia
74%
180.76Croácia
73%
182.33Letônia
73%
180.98Lituânia
73%
180.57Polônia
73%
181.89Dinamarca
71%
179.03Irlanda
71%
180.79Sérvia
71%
178.52Áustria
70%
178.48Luxemburgo
69%
176.40Argentina
65%
176.85Hungria
65%
177.71Nova Zelândia
64%
178.34Romênia
64%
181.17Eslováquia
63%
180.85Eslovênia
63%
178.64Belarus
62%
181.22República Tcheca
62%
176.41Turquia
60%
182.47Bósnia e Herzegovina
59%
183.30Montenegro
52%
178.84Andorra
40%
176.18Marrocos
38%
176.97Tunísia
33%
176.35Senegal
29%
177.23Jamaica
27%
176.43Líbia
24%
178.99Líbano
18%
180.17Dominica
12%
176.82Santa Lúcia
11%
176.24Trinidad e Tobago
11%
177.92Barbados
10%
178.83Antígua e Barbuda
7%
178.70Granada
6%

Distribuição das Pontuações

Percentil de Números Respondidos

Porcentagem de Pessoas com Cada Pontuação

Sua Pontuação Histórica

Você não jogou esse quiz